Introduction to chemical engineering thermodynamics / (Record no. 9663)
[ view plain ]
| 000 -LEADER | |
|---|---|
| fixed length control field | 01024cam a2200181ua 4500 |
| 003 - CONTROL NUMBER IDENTIFIER | |
| control field | OSt |
| 008 - FIXED-LENGTH DATA ELEMENTS--GENERAL INFORMATION | |
| fixed length control field | 220128b ||||| |||| 00| 0 eng d |
| 020 ## - INTERNATIONAL STANDARD BOOK NUMBER | |
| ISBN | 0-07-100303-7 |
| 082 ## - DEWEY DECIMAL CLASSIFICATION NUMBER | |
| Classification number | 660.2969 |
| Item number | SMI/IN |
| 100 ## - MAIN ENTRY--AUTHOR NAME | |
| Personal name | Smith, J M . |
| 245 ## - TITLE STATEMENT | |
| Title | Introduction to chemical engineering thermodynamics / |
| 250 ## - EDITION STATEMENT | |
| Edition statement | 4 / |
| 260 ## - PUBLICATION, DISTRIBUTION, ETC. (IMPRINT) | |
| Place of publication | New York : |
| Name of publisher | McGraw Hill Book Company. |
| 300 ## - PHYSICAL DESCRIPTION | |
| Number of Pages | 698 ; . |
| 505 ## - FORMATTED CONTENTS NOTE | |
| Formatted contents note | 1 INTRODUCTION <br/>2 THE FIRST LAW AND OTHER BASIC CONCEPTS <br/>3 VOLUMETRIC PROPERTIES OF PURE FLUIDS <br/>4 HEAT EFFECTS<br/>5 THE SECOND LAW OF THERMODYNAMICS <br/>6 THERMODYNAMIC PROPERTIES OF FLUIDS <br/>7. APPLICATIONS OF THERMODYNAMICS TO FLOW PROCESSES <br/>8 PRODUCTION OF POWER FROM HEAT <br/>10 THE FRAMEWORK OF SOLUTION THERMODYNAMICS 348<br/>11 MIXING PROCESSES <br/>12 PHASE EQUILIBRIUM: INTRODUCTION <br/>13 THERMODYNAMIC FORMULATIONS FOR VAPOR/LIQUID EQUILIBRIUM <br/>14 CHEMICAL-REACTION EQUILIBRIA <br/>15 TOPICS IN PHASE EQUILIBRIA <br/>16 THERMODYNAMIC ANALYSIS OF PROCESSES <br/><br/> |
| 700 1# - ADDED ENTRY--PERSONAL NAME | |
| Personal name | Ness, Van H C. |
| 942 ## - ADDED ENTRY ELEMENTS (KOHA) | |
| Koha item type | Books |
| Withdrawn status | Lost status | Damaged status | Home library | Current library | Date acquired | Full call number | Accession Number | Koha item type |
|---|---|---|---|---|---|---|---|---|
| KAUAET | KAUAET | 07/04/2012 | 660.2969 | 18754 | Books |
